000 00904cam a22001934a 4500
005 20250605163502.0
008 250528s ||||||||||||||||||||||||d
035 _a20297
020 _a862777739
040 _aGR-AtMCL
_bgre
_dGR-AtMCL
_eAACR2
245 1 _aAdvanced Financial Accounting / CIMA Study Guide: Stage 3 - Fourth Edition
250 _a4th
260 _bBpp Publishing,
_c1991
300 _a554
520 _aThe main part of the text is laid out in accordance with the stage 3 Advanced Financial Accounting syllabus. Preface, Introduction, The Development of the Accounting Standards, Income and Value Measurement, Company Accounts, Group Accounts, Company Reorganizations, Interpretation of Accounts, Illustrative Questions, Suggested Solutions, Appendix: An Approach to Published Accounts Questions, Index, Further Reading.
942 _cBK
999 _c5421
_d5421